banner-ar

بحوث المؤتمر الجغرافى العربى الثانى المنعقد فى بغداد فى 6-10 ربيع الاول سنة 1396 هـ / (Record no. 26985)

MARC details
000 -الفاتح
حقل البيانات ثابتة الطول 00825nam a2200217Ia 4500
008 - عناصر البيانات ثابتة الطول - معلومات عامة
حقل البيانات ثابتة الطول 140319s9999 xx 000 0 ara d
040 ## - مصدر الفهرسة
وكالة الفهرسة الأصلية GCL /
وكالة النسخ GCL
082 04 - رقم تصنيف ديوى العشرى
رقم التصنيف د
رقم المادة 905
-- ا ب
100 1# - المدخل الرئيسى - إسم شخصى
الإسم الشخصى اتحاد الجغرافيين العرب
245 10 - بيان العنوان
العنوان بحوث المؤتمر الجغرافى العربى الثانى المنعقد فى بغداد فى 6-10 ربيع الاول سنة 1396 هـ /
بيان المسئوليه,etc اتحاد الجغرافيين العرب
700 1# - المدخل الاضافى - اسم شخصى
الإسم الشخصى سليمان حزين (تقديم)
260 ## - PUBLICATION, DISTRIBUTION, ETC. (IMPRINT)
تاريخ النشر أو التوزيع 1988
300 ## - الوصف المادى
التعداد 645 ص
490 ## - بيان السلسلة
عنوان السلسلة دار الفكر العربى
رقم المجلد/ التعيين التسلسلي 0
650 04 - المدخل الاضافى بالموضوع-مصطلح موضوعى
مصطلح موضوعي العرب
650 04 - المدخل الاضافى بالموضوع-مصطلح موضوعى
مصطلح موضوعي الجغرافيا
650 04 - المدخل الاضافى بالموضوع-مصطلح موضوعى
مصطلح موضوعي دوريات
650 04 - المدخل الاضافى بالموضوع-مصطلح موضوعى
مصطلح موضوعي المؤتمرات
942 ## - عناصر المدخل الإضافي( كوها)
مصدر التصنيف او مخطط الترفيف Dewey Decimal Classification
Koha [default] item type الدوريات
260 ## - PUBLICATION, DISTRIBUTION, ETC. (IMPRINT)
-- القاهرة :
-- مطبوعات المجلس الاعلى للثقافة ،
Holdings
حالة التراجع حالة الفقد حالة تلف ليس للاعارة المكان المؤقت الموقع الحالى تاريخ الاكتساب اجمالي اﻻعارات رقم الطلب الباركود تاريخ اخر مشاهدة تاريخ تفعيل السعر نوع وعاء كوها
        مكتبة القاهرة الكبرى مكتبة القاهرة الكبرى 03/26/2014   د\905\ا ب 58879 03/26/2014 03/26/2014 الدوريات
        مكتبة القاهرة الكبرى مكتبة القاهرة الكبرى 03/26/2014   د\905\ا ب 58880 03/26/2014 03/26/2014 الدوريات
        مكتبة القاهرة الكبرى مكتبة القاهرة الكبرى 03/26/2014   د\905\ا ب 58881 03/26/2014 03/26/2014 الدوريات
        مكتبة القاهرة الكبرى مكتبة القاهرة الكبرى 03/26/2014   د\905\ا ب 58882 03/26/2014 03/26/2014 الدوريات

Powered By

EGPV